000 00558cam a2200181ua 4500
001 1919
008 110811n ii |||gr||||Z||||||eng
040 _cMAIN
082 _a370.54
100 _aDash, B. N.,
_q(Biranchi Narayan Dash).
245 1 _aPrinciples of education and education in the emerging indian society
_cby B. N. Dash
250 _a8th.
260 _aDelhi:
_bajanta prakshan,
_c2000-01.
300 _axxii; 714p:
_c23cm.
653 _aEducation
653 _aPrinciples of education and education in the emerging indian society
942 _cBK
999 _c1794
_d1794